000 00928nam a2200289 4500
003 DO-SdBPM
005 20250616112732.0
007 ta
008 170116b2000 sp| 00| 0 spa d
020 _a8434218488
040 _aDO-SdBPM
_bspa
_cBPMSU
_erda
082 4 _a745.5
_bP661m 2000
_222
100 1 _aPiñol , Roser
_eautora
245 1 0 _aManualidades divertidas :
_bDisfruta haciendo disfraces /
_cRoser Piñol
250 _a10a. ed.
264 _aBarcelona :
_bParramón Ediciones ,
_c2000
300 _a29 páginas . :
_bilustraciones ;
_c22 cm
336 _atexto
_btxt
_2rdacontent
337 _asin mediación
_bn
_2rdamedia
338 _avolumen
_bnc
_2rdacarrier
590 _aInventariado, 2025/VM
650 7 _a Trabajos manuales (Educación)
650 7 _aArte
_xEnseñanza primaria
_vTécnicas
650 7 _aArtesanías
_xElaboración
910 _aVMateo V. Control de calidad. 2000
942 _2ddc
_cBK
999 _c12466
_d12466